Влияние тиофена и сероуглерода на каталитические свойства хлористого алюминия в реакции алкилирования бензола пропиленом: автореферат диссертации на соискание ученой степени кандидата технических наук

Podrobná bibliografie
Hlavní autor: Равдин В. Г.
Korporativní autor: Грозненский нефтяной институт (ГНИ)
Další autoři: Дорогочинский А. З. (научный руководитель)
Shrnutí:Защита сост. в 1967 г.
Jazyk:ruština
Vydáno: Томск, [Б. и.], 1967
Témata:
Médium: Kniha
KOHA link:https://koha.lib.tpu.ru/cgi-bin/koha/opac-detail.pl?biblionumber=335139

MARC

LEADER 00000nam0a2200000 4500
001 335139
005 20231102004726.0
035 |a (RuTPU)RU\TPU\book\361482 
090 |a 335139 
100 |a 20170915d1967 k y0rusy50 ca 
101 0 |a rus 
102 |a RU 
105 |a a dm 001zy 
200 1 |a Влияние тиофена и сероуглерода на каталитические свойства хлористого алюминия в реакции алкилирования бензола пропиленом  |e автореферат диссертации на соискание ученой степени кандидата технических наук  |f В. Г. Равдин  |g Грозненский нефтяной институт (ГНИ) ; науч. рук. А. З. Дорогочинский 
210 |a Томск  |c [Б. и.]  |d 1967 
215 |a 22 с.  |c ил. 
300 |a Защита сост. в 1967 г. 
320 |a Библиогр.: с. 22 (7 назв.) 
606 1 |a Бензол  |x Алкилирование  |2 stltpush  |3 (RuTPU)RU\TPU\subj\34161  |9 56187 
610 1 |a химическая технология 
610 1 |a хлористый алюминий 
610 1 |a алкилирование 
610 1 |a тиофены 
610 1 |a сероуглерод 
610 1 |a каталитические свойства 
610 1 |a реагенты 
610 1 |a пропилен 
610 1 |a бензол 
610 1 |a авторефераты диссертаций 
675 |a 665.652(04)  |v 4 
700 1 |a Равдин  |b В. Г. 
702 1 |a Дорогочинский  |b А. З.  |4 727 
712 0 2 |a Грозненский нефтяной институт (ГНИ)  |c (1929-2011)  |2 stltpush  |3 (RuTPU)RU\TPU\col\11859 
801 1 |a RU  |b 63413507  |c 20170915 
801 2 |a RU  |b 63413507  |c 20201023  |g RCR 
942 |c BK